| 000 | 00369nam a22001577a 4500 | ||
|---|---|---|---|
| 003 | OSt | ||
| 005 | 20170105103444.0 | ||
| 008 | 120508t xxu||||| |||| 00| 0 eng d | ||
| 020 | _a3805578091 | ||
| 040 | _cASAB | ||
| 100 |
_aF. Von Weizsacker _9274 |
||
| 245 | _aModels of Viral Hepatitis | ||
| 300 | _a163 | ||
| 650 |
_aModels of Viral Hepatitis _9275 |
||
| 942 |
_2lcc _cBK |
||
| 999 |
_c16540 _d16540 |
||